| 000 | 00557nam a2200229Ia 4500 | ||
|---|---|---|---|
| 003 | 0100 | ||
| 008 | 130303s9999 xx 000 0 und d | ||
| 020 | _a0415111919 | ||
| 040 | _cARRUPELIB | ||
| 050 | _aB3376.W563P53255 1996 | ||
| 100 | _aMcGinn, Marie | ||
| 245 | _aWittgenstein and the philosophical investigations | ||
| 260 | _aLondon | ||
| 260 | _bRoutledge | ||
| 260 | _C1996 | ||
| 300 | _ax | ||
| 300 | _b 216p. 20cm. | ||
| 440 | _aRoutledge philosiphy guidebooks | ||
| 650 | _aPHILOSOPHY | ||
| 650 | _bGender identity | ||
| 942 | 0 | 0 | _03 |
| 999 |
_c13824 _d13824 |
||